000 01046nam a22002537a 4500
999 _c6828
_d6828
003 AR-CdUCM
008 190319b ||||| |||| 00| 0 spa d
020 _a84-205-0522-6
040 _aMUNICIPALIDAD PROVINCIAL DEL CUSCO
_cBIBLIOTECA MUNICIPAL DEL CUSCO
082 _a508 /
_bSA16
100 _aSalet, Georges.
_919242
245 _aAzar y certeza :
_bel transformismo frente a la biología actual /
260 _aMadrid :
_bAlhambra,
_c1975
300 _a505 paginas ;
_bCuadros, diagramas, ilustraciones,
_c20 cm.
440 _aColección Exedra ciencia técnica- ingeniería
_n95
_919243
500 _aTitulo original : Hasard et certitude
505 _aLos mecanismos biológicos fundamentales -- Los mecanismos de la reproducción -- Las variaciones en el mundo de los seres vivos -- Las hipótesis que explican la evolución -- Las leyes del azar...
650 _aBiología
_9881
650 _aReproducción
_98380
650 _aSeres vivos
_919244
700 _aGarrido, J.(Traductor)
_919245
942 _2ddc
_cLIBROS
945 _awnts